=LDR 00000nam 2200000 4500 =001 INLIS000000000046298 =005 20150310101138.0 =006 =007 =008 =020 ##$$a 978-602-9413-02-1 =035 ##$$0010-031500000000070 =040 ##$$a Ind =082 ##$$a 618.2 =090 ##$$a 618.2$bSit k =100 ##$$a Siti fauziah =245 ##$$a Keperawatan maternitas kehamilan Vol 1$cSiti fauziah =250 ##$$a Ed.i,Cet. 1 =260 ##$$a Jakarta$bKencana$c2012 =300 ##$$a X,146 Hlm$bIlus$c25 cm. =850 ##$$a NBPDMAT =990 ##$$a 0001/BPAP-NTB/20142015